Nurse Alice in love /

Saved in:
Bibliographic Details
Main Author: Charles, Theresa
Format: Book
Language:English
Published: London : Hale, 1964.
LEADER 00714nam a2200205 a 4500
001 c000086355
003 CARM
005 00000000000000.0
008 920929s1964 enk 00011 eng d
019 1 |a 9313209  |5 LACONCORD2021 
035 |a (OCoLC)30234324  |5 LACONCORD2021 
040 |a VLINC  |c VLINC 
100 1 |a Charles, Theresa. 
245 1 0 |a Nurse Alice in love /  |c by Theresa Charles. 
260 |a London :  |b Hale,  |c 1964. 
300 |a 190 p. ;  |c 20 cm. 
852 8 |b CARM  |h A2:AH18G0  |i A01778  |p 0132054  |f BK 
082 0 4 |a A823.914  |2 20 
999 f f |i 25fbc7b8-793f-57fe-b6d5-4255034c8995  |s be8dc4a0-1698-535f-91ec-770b3c28e6a4 
952 f f |p Can circulate  |a CAVAL  |b CAVAL  |c CAVAL  |d CARM 1 Store  |e A01778  |f A2:AH18G0  |h Other scheme  |i book  |m 0132054